[Event "Valladolid Amateur op 4th"]
[Site "Valladolid"]
[Date "2013.08.03"]
[Round "4"]
[White "Diez Villace, Victor"]
[Black "Garcia Corada, Pedro"]
[Result "1/2-1/2"]
[WhiteElo "1651"]
[BlackElo "2013"]
[PlyCount "97"]
[EventDate "2013.08.02"]
[EventType "swiss"]
[EventRounds "7"]
[EventCountry "ESP"]
[SourceTitle "EXT 2014"]
[Source "ChessBase"]
[SourceDate "2013.11.20"]
[SourceVersion "1"]
[SourceVersionDate "2013.11.20"]
[SourceQuality "1"]

1. f4 d5 2. b3 Nf6 3. Nf3 g6 4. Bb2 Bg7 5. e3 0-0 6. Be2 c5 7. 0-0 Nc6 8. Bb5 Qb6 9. Bxc6 bxc6 10. Re1 a5 11. Qc1 a4 12. Nc3 axb3 13. axb3 Rxa1 14. Qxa1 Bb7 15. Na4 Qa7 16. Nc3 Ra8 17. Qxa7 Rxa7 18. Ra1 Rxa1+ 19. Bxa1 Nd7 20. Bb2 Ba6 21. Na4 c4 22. Bxg7 Kxg7 23. b4 f6 24. Nd4 Bb7 25. Ne6+ Kg8 26. Nac5 Nxc5 27. Nxc5 Bc8 28. c3 Kf7 29. Kf2 e5 30. Kf3 h5 31. h3 h4 32. g4 hxg3 33. Kxg3 Ke7 34. fxe5 fxe5 35. h4 Kf6 36. Na4 Bf5 37. Nc5 Bc2 38. Nb7 Kf5 39. Nd6+ Ke6 40. Nb7 d4 41. exd4 exd4 42. Kf4 Kd5 43. Nc5 dxc3 44. dxc3 Bd1 45. Nb7 Be2 46. Nc5 Bf1 47. Nb7 Bh3 48. Nc5 Bf1 49. Nb7 1/2-1/2

[Event "Valladolid Amateur op 4th"]
[Site "Valladolid"]
[Date "2013.08.03"]
[Round "5"]
[White "Santos Martinez, Guillermo"]
[Black "Diez Villace, Victor"]
[Result "1-0"]
[WhiteElo "1719"]
[BlackElo "1651"]
[PlyCount "73"]
[EventDate "2013.08.02"]
[EventType "swiss"]
[EventRounds "7"]
[EventCountry "ESP"]
[SourceTitle "EXT 2014"]
[Source "ChessBase"]
[SourceDate "2013.11.20"]
[SourceVersion "1"]
[SourceVersionDate "2013.11.20"]
[SourceQuality "1"]

1. d4 d5 2. Nf3 e6 3. g3 Nf6 4. Bg2 c5 5. c3 Nc6 6. 0-0 b6 7. Bg5 h6 8. Bxf6 Qxf6 9. Nbd2 Bb7 10. dxc5 Bxc5 11. e4 dxe4 12. Nxe4 Qe7 13. b4 Nd8 14. Ne5 Qc7 15. bxc5 Qxe5 16. Nd6+ Ke7 17. Nxb7 Nxb7 18. Bxb7 Rab8 19. Qd6+ Qxd6 20. cxd6+ Kxd6 21. Bg2 Rbc8 22. Rac1 Rc5 23. Rc2 Rhc8 24. Rfc1 b5 25. Bf1 a6 26. Be2 R8c7 27. c4 bxc4 28. Rxc4 Rxc4 29. Rxc4 Rxc4 30. Bxc4 a5 31. a4 Kc5 32. Bb5 e5 33. Kf1 Kd4 34. Ke2 e4 35. Kd2 g5 36. g4 Ke5 37. Ke3 1-0

[Event "Valladolid Aficionados op 3rd"]
[Site "Valladolid"]
[Date "2012.08.04"]
[Round "5"]
[White "Cano Ceballos, Alex"]
[Black "Diez Villace, Victor"]
[Result "0-1"]
[WhiteElo "1477"]
[BlackElo "1586"]
[PlyCount "40"]
[EventDate "2012.08.03"]
[EventType "swiss"]
[EventRounds "7"]
[EventCountry "ESP"]
[SourceTitle "EXT 2014"]
[Source "ChessBase"]
[SourceDate "2013.11.20"]
[SourceVersion "1"]
[SourceVersionDate "2013.11.20"]
[SourceQuality "1"]

1. c4 e5 2. Nc3 Bb4 3. g3 Nc6 4. Nd5 Nf6 5. a3 Be7 6. Nc3 d6 7. Bg2 0-0 8. e3 Be6 9. d3 Rb8 10. b4 a6 11. Nge2 d5 12. c5 Na7 13. d4 e4 14. Nf4 Qd7 15. 0-0 c6 16. Na4 Bd8 17. Nh5 Nxh5 18. Qxh5 Bg4 19. Qe5 Bc7 20. Nb6 Qd8 0-1

[Event "ESP-ch U12"]
[Site "Salobrena"]
[Date "2012.07.04"]
[Round "4.17"]
[White "Jimenez Lozano, Francisco Javier"]
[Black "Diez Villace, Victor"]
[Result "0-1"]
[WhiteElo "1681"]
[BlackElo "1521"]
[PlyCount "90"]
[EventDate "2012.07.02"]
[EventType "swiss"]
[EventRounds "9"]
[EventCountry "ESP"]
[SourceTitle "EXT 2024"]
[Source "ChessBase"]
[SourceDate "2023.10.10"]
[SourceVersion "1"]
[SourceVersionDate "2023.10.10"]
[SourceQuality "1"]

1. e4 e6 2. d4 d5 3. exd5 exd5 4. Nf3 Bg4 5. Bd3 Nf6 6. 0-0 Be7 7. Bf4 Nbd7 8. Nbd2 0-0 9. Re1 Nb6 10. c3 Bd6 11. Be5 Bxe5 12. dxe5 Nfd7 13. Qc2 h6 14. Bf5 Bxf5 15. Qxf5 Qe7 16. e6 fxe6 17. Qxe6+ Qxe6 18. Rxe6 Rfe8 19. Rae1 Rxe6 20. Rxe6 Kf7 21. Re3 Re8 22. Nd4 Rxe3 23. fxe3 Nc5 24. b3 c6 25. Nf5 Nc8 26. g4 Kf6 27. h4 h5 28. Kg2 hxg4 29. Nd4 Ne6 30. Kg3 Nxd4 31. cxd4 Kf5 32. Nf1 Nd6 33. Nd2 Ne4+ 34. Nxe4 dxe4 35. b4 b5 36. Kf2 Kg6 37. Kg3 Kh5 38. a4 a6 39. axb5 axb5 40. Kf4 Kxh4 41. Kxe4 g3 42. Kf3 Kh3 43. e4 g2 44. d5 cxd5 45. exd5 g1Q 0-1